số liệu KT+XH các nước trên thế giới

Gorde:
Xehetasun bibliografikoak
Egile nagusia: Tổng cục thông kê
Formatua: Liburua
Hizkuntza:Vietnamese
Argitaratua: TKE 1998
Etiketak: Etiketa erantsi
Etiketarik gabe, Izan zaitez lehena erregistro honi etiketa jartzen!
Thư viện lưu trữ: Mạng thư viện Đại học Đà Nẵng
LEADER 00641nam a2200277 4500
001 000026678
003 740
005 20150325120000.0
008 150325s vm 000 vie
020 |c 80,0000 
040 |a NOTTS 
100 |a Tổng cục thông kê 
245 |a số liệu KT+XH các nước trên thế giới 
260 |b TKE  |c 1998 
300 |a 331tr. ; 
OWN |a LTT 
999 |a From the UDN01 
TYP |a Monograph 
TYP |a Printed language 
980 |a Mạng thư viện Đại học Đà Nẵng